[Event "Baltic Zonal II Stage 2018"]
[Site "Palanga"]
[Date "2018.06.15"]
[Round "2"]
[White "Ladva, Ottomar"]
[Black "Seeman, Tarvo"]
[Result "1-0"]
[WhiteElo "2499"]
[BlackElo "2425"]
[Annotator "TA"]
[PlyCount "97"]
[EventDate "2018.??.??"]
[EventType "swiss"]
[EventCountry "LTU"]
[SourceTitle "playchess.com"]
[Source "ChessBase"]
[SourceQuality "1"]

{[%evp 12,97,16,20,17,10,12,6,9,17,16,11,17,0,0,0,0,0,0,0,0,0,8,6,6,6,5,5,5,0,13,0,0,0,0,0,0,0,0,0,0,0,0,0,0,-8,0,0,0,0,0,0,0,0,0,0,0,0,0,-20,-15,-17,0,0,0,-14,0,0,0,0,0,0,0,0,0,0,0,0,0,35,29955,29958,29968,29969,29969,29967,29961,12229]} 1. d4 Nf6 2. Nf3 g6 3. Nc3 Bg7 4. e4 d5 5. exd5 Nxd5 6. Nxd5 Qxd5 7. Be2 {LiveBook: 6 Games} Nc6 {[%cal Rc6d4] B02: Alekhine's Defence: Chase Variation and lines with early Nc3} (7... O-O 8. O-O Nd7 9. Bf4 c5 10. c4 Qe4 11. Be3 cxd4 12. Nxd4 Ne5 13. Nb5 Bg4 14. Nc3 Bxe2 15. Nxe4 Bxd1 16. Raxd1 Nxc4 {½-½ (65) Kanarek,M (2512)-Rocha,S (2371) Lisbon 2018}) 8. c3 e5 9. dxe5 Qxd1+ {The position is equal.} 10. Bxd1 Nxe5 11. Nxe5 Bxe5 12. Bh6 $146 ({Predecessor:} 12. O-O O-O 13. Bf3 c6 {0-1 (61) Karsokaite,I (1660)-Latreche,K (1815) Khanty-Mansiysk 2010}) 12... Be6 13. Bb3 Bxb3 14. axb3 Kd7 15. O-O-O+ Kc6 16. Rhe1 Rhe8 17. Re4 {Hoping for Rde1.} Bd6 18. Rc4+ Kd7 19. Bf4 Re6 20. Rcd4 Rae8 21. Bxd6 (21. b4 {with more complications.} Kc6 22. g4 Bxf4+ 23. Rxf4 R8e7 24. Kc2) 21... Rxd6 22. Rxd6+ cxd6 $11 {[%mdl 4096] Endgame KR-KR} 23. Kd2 a5 24. Ra1 Re5 25. Ra4 Rd5+ 26. Kc2 Re5 27. Kd3 Rd5+ 28. Rd4 Rb5 29. Rf4 Ke6 30. Re4+ Kd7 31. Rh4 h5 32. Rf4 $1 Ke6 33. Re4+ Kd7 34. Kc2 Re5 35. Rd4 Re2+ 36. Rd2 Rxd2+ (36... Re4 {feels hotter.} 37. Kd1 Kc6 38. Rd3 Rf4 39. Ke2 Rf5) 37. Kxd2 {KP-KP} Kc6 38. Kd3 Kc5 39. h4 f6 {[%cal Bf7f6,Bf6f5,Bf5f4][%mdl 32]} 40. Ke3 Kd5 41. f3 Ke5 42. g4 $1 {Black must now prevent f4+.} f5 43. gxh5 gxh5 44. c4 {[%cal Bc3c4,Bc4c5][%mdl 32]} f4+ 45. Kd3 d5 $2 {[%mdl 8192]} (45... b6 $14) 46. c5 {White mates.} Kf6 47. Kd4 Ke6 {[#]} 48. b4 $1 {[%mdl 512]} axb4 49. b3 {Precision: White = 76%, Black = 67%.} 1-0

[Event "Baltic Zonal II Stage 2018"]
[Site "Palanga"]
[Date "2018.06.15"]
[Round "2"]
[White "Starostits, Ilmars"]
[Black "Kovalenko, Igor"]
[Result "0-1"]
[WhiteElo "2461"]
[BlackElo "2632"]
[Annotator "TA"]
[PlyCount "24"]
[EventDate "2018.??.??"]
[EventType "swiss"]
[EventCountry "LTU"]
[SourceTitle "playchess.com"]
[Source "ChessBase"]
[SourceQuality "1"]

{[%evp 12,24,9,13,26,15,22,-259,-252,-334,-333,-378,-342,-352,-356]} 1. d4 Nf6 2. Nf3 b6 3. Bg5 Ne4 4. Bf4 (4. Bh4 Bb7 5. e3 g6 6. Nbd2 Bg7 7. Nxe4 Bxe4 8. Bd3 Bb7 9. O-O O-O 10. c3 d6 11. e4 Nd7 12. Re1 Qe8 13. a4 a6 14. Qb3 e5 {1-0 (28) Korobov,A (2680)-Durarbayli,V (2590) Dubai 2014}) 4... Bb7 5. e3 e6 6. Bd3 {A47: 1 d4 Nf6 2 Nf3 b6: Torre, London and Colle Systems} Be7 7. Nbd2 {LiveBook: 3 Games} Nxd2 8. Nxd2 {White has an edge.} d6 9. Qg4 $146 {[%mdl 8192] [#]} (9. O-O $11 {and White is okay.}) ({Predecessor:} 9. O-O Nd7 10. h3 O-O 11. c4 e5 {0-1 (35) Henderson,J (2185)-Godes,D (2405) Tel Aviv 1994}) 9... g5 $19 10. d5 h5 ({Don't take} 10... gxf4 11. dxe6 fxe6 12. exf4 $19) ({Less strong is} 10... Bxd5 11. e4 $17) (10... exd5 11. Bg3 $17) 11. Bb5+ Kf8 12. Qe2 exd5 ({Don't do} 12... gxf4 13. dxe6 fxe3 14. Qxe3 $19) 0-1

[Event "Baltic Zonal II Stage 2018"]
[Site "Palanga"]
[Date "2018.06.15"]
[Round "2"]
[White "Laurusas, Tomas"]
[Black "Neiksans, Arturs"]
[Result "0-1"]
[WhiteElo "2453"]
[BlackElo "2561"]
[Annotator "TA"]
[PlyCount "72"]
[EventDate "2018.??.??"]
[EventType "swiss"]
[EventCountry "LTU"]
[SourceTitle "playchess.com"]
[Source "ChessBase"]
[SourceQuality "1"]

{[%evp 22,72,59,27,34,15,21,14,6,-10,30,0,0,-10,-8,-39,-15,-14,-14,-8,-15,-2,0,-14,0,0,56,0,0,-36,0,-155,-149,-153,-168,-160,-166,-256,-255,-250,-241,-29988,-29989,-29989,-29990,-29990,-29991,-29991,-1025,-29991,-29992,-29996,-29997]} 1. d4 f5 2. c4 Nf6 3. Nf3 g6 4. g3 Bg7 5. Bg2 d6 6. O-O O-O 7. b3 Nc6 8. Bb2 e5 9. dxe5 Ne4 10. Nc3 Nxc3 11. Bxc3 Qe8 12. Qc2 {Strongly threatening exd6.} dxe5 {A89: Dutch Defence: Leningrad System: 5 Nf3 0-0 6 0-0 d6 7 Nc3 Nc6} 13. Rad1 Qe7 14. Qb2 a5 {The position is equal.} 15. Rfe1 (15. e3 a4 16. Rd2 g5 17. Rfd1 g4 18. Ne1 e4 19. Bxg7 Qxg7 {0-1 (30) Groffen,H (2172)-Reinderman,D (2617) Delft 2014}) 15... Bd7 $146 ({Predecessor:} 15... Re8 16. e4 f4 17. gxf4 Bg4 18. Rd5 Bxf3 19. Bxf3 {0-1 (35) Jouhki,Y-Pyhala,A (2385) Joensuu 1989}) 16. Rd5 {[%cal Rf3e5]} Rae8 $1 17. Red1 Bc8 18. a3 b6 19. R5d2 Bf6 20. Ne1 e4 21. Bxf6 Rxf6 22. Nc2 g5 23. Ne3 {Hoping for Nd5.} Rh6 (23... Qg7 $11) 24. Rd5 (24. Nd5 $14 Qf7 25. f4 exf3 26. exf3) 24... Rf8 $11 25. Nf1 f4 26. b4 $2 ({White should play} 26. Qc3 $11) 26... axb4 27. axb4 e3 28. fxe3 fxg3 ({Worse is} 28... Nxb4 29. Re5 $11) ({Weaker is} 28... fxe3 29. c5 $16) 29. hxg3 (29. Qd2 $142) 29... Nxb4 $19 30. Re5 Qf6 $40 {[%csl Gf8][%cal Rf6f2][%mdl 128] [#] Black wants a kill.} 31. Nh2 $2 (31. Rxg5+ $1 $19 {[%mdl 512]} Qxg5 32. Qxb4) 31... Qf2+ 32. Kh1 Qxg3 {[%csl Gh6][%cal Rg3h2]} 33. Rxg5+ Qxg5 34. Qxb4 {[#]} Be6 (34... Bb7 $142 $1 {[%mdl 512]} 35. e4 (35. Bxb7 Rxh2+) 35... Qg3 36. Qxf8+ Kxf8 37. Rf1+ Kg7 38. Kg1 Rxh2 39. Rf2 Bxe4 40. Kf1 Bxg2+ 41. Ke1 Qc3+ 42. Kd1 Rh1+ 43. Rf1 Rxf1#) 35. Rg1 Rf2 36. c5 Qg3 {Precision: White = 31%, Black = 57%.} 0-1

[Event "Baltic Zonal II Stage 2018"]
[Site "Palanga"]
[Date "2018.06.15"]
[Round "2"]
[White "Stremavicius, Titas"]
[Black "Klabis, Rokas"]
[Result "0-1"]
[WhiteElo "2444"]
[BlackElo "2383"]
[Annotator "TA"]
[PlyCount "110"]
[EventDate "2018.??.??"]
[EventType "swiss"]
[EventCountry "LTU"]
[SourceTitle "playchess.com"]
[Source "ChessBase"]
[SourceQuality "1"]

{[%evp 17,110,4,13,1,11,0,0,-78,-90,-79,-83,-81,-25,-58,-8,-8,0,-4,0,6,0,0,0,0,0,0,11,0,0,0,0,0,0,0,16,9,4,0,0,0,0,0,36,0,68,22,35,0,0,0,0,0,0,0,0,0,0,0,0,0,0,0,0,0,0,0,0,0,0,0,0,0,0,0,0,-205,-201,-195,-181,-195,-181,-189,-166,-214,-179,-269,-206,-254,-232,-332,-325,-415,-89,-408,-390]} 1. Nf3 Nf6 2. c4 e6 3. Nc3 d5 4. d4 Bb4 5. Qa4+ Nc6 6. Ne5 Bd7 7. Nxd7 Qxd7 8. e3 e5 {D38: Queen's Gambit Declined: Ragozin Defence (4 Nf3 Bb4)} (8... O-O 9. a3 Bxc3+ 10. bxc3 e5 11. Be2 Rfe8 12. Bb2 dxc4 13. Qxc4 Na5 14. Qb4 b6 15. dxe5 Nc6 16. Qf4 Nxe5 {1-0 (61) Jakovenko,D (2738)-Giri,A (2776) Khanty-Mansiysk 2015}) 9. a3 exd4 {LiveBook: 3 Games} 10. axb4 dxc3 {The position is equal.} 11. bxc3 O-O 12. Bb2 $146 (12. f3 $11) ({Predecessor:} 12. c5 Qf5 13. Qd1 a5 14. b5 Ne5 15. f3 Rfe8 16. Be2 {0-1 (46) Toufighi,H (2379)-Jojua,D (2592) Teheran 2016}) 12... dxc4 $1 $17 13. Bxc4 Qg4 $1 {[%csl LRc4,LRg2]} 14. Bf1 Ne5 (14... Ne4 $17 15. Qd1 (15. f3 $2 Qh4+ 16. g3 Nxg3 $19) 15... Qe6) 15. b5 {Black should prevent Qxg4.} Qf5 {White must now prevent ...Rad8.} 16. Be2 Rfd8 {Threatens to win with ...Ne4.} 17. Rd1 Nd3+ 18. Bxd3 $1 Rxd3 19. O-O Rad8 20. c4 Rxd1 $1 21. Rxd1 Rxd1+ 22. Qxd1 {White wants to mate with Qd8+.} h6 23. h3 {And now Qd8+ would win.} Ne4 24. Qd8+ Kh7 25. f3 Ng5 {Strongly threatening ...Qb1+.} 26. Qd1 Ne6 27. Kh2 Qc5 28. Qd3+ Kg8 29. f4 a6 30. Ba3 Qh5 (30... Qb6 $1 $11) 31. bxa6 bxa6 32. Be7 Qa5 $1 33. Qd5 Qc3 34. Qa8+ Kh7 35. Qe4+ Kg8 36. h4 a5 37. Qa8+ Kh7 38. Qe4+ Kg8 39. f5 Nf8 40. Bd8 a4 41. Bxc7 a3 {Hoping for ...a2.} 42. Be5 Qa5 43. Ba1 f6 44. Kh3 Kh7 45. Qd5 Qe1 46. Qd4 $2 {[#]} (46. Bd4 $11 {and White is okay.}) 46... Nd7 $1 $19 {[%mdl 1536] Black has strong compensation.} 47. Bc3 (47. Qxd7 Qh1+) 47... Qh1+ $1 48. Kg3 Qc1 $1 49. Bd2 Qb2 50. Bc3 Qc2 51. Qd2 (51. c5 $142) 51... Qxf5 52. Qa2 {[#]} Ne5 $1 53. Qxa3 {[#]} (53. c5 $142) 53... Qg4+ $1 ({Weaker is} 53... Nxc4 54. Qe7 $15) 54. Kh2 Qxh4+ 55. Kg1 Ng4 {Precision: White = 59%, Black = 83%.} 0-1

[Event "Baltic Zonal II Stage 2018"]
[Site "Palanga"]
[Date "2018.06.15"]
[Round "2"]
[White "Malisauskas, Vidmantas"]
[Black "Haavamae, Henrik"]
[Result "1-0"]
[WhiteElo "2422"]
[BlackElo "2209"]
[Annotator "TA"]
[PlyCount "69"]
[EventDate "2018.??.??"]
[EventType "swiss"]
[EventCountry "LTU"]
[SourceTitle "playchess.com"]
[Source "ChessBase"]
[SourceQuality "1"]

{[%evp 18,69,27,28,29,35,22,35,30,31,47,54,74,77,70,70,79,77,88,88,86,87,89,81,121,162,185,192,200,199,261,191,181,122,181,167,162,140,299,305,293,296,290,285,544,466,455,470,462,460,488,511,508,493]} 1. Nf3 Nf6 2. c4 e6 3. g3 d5 4. Bg2 Bd6 5. d4 c6 6. O-O O-O 7. Qc2 Nbd7 8. Bf4 Qc7 {E01: Catalan: Early deviations} (8... Bxf4 9. gxf4 b6 10. Ne5 Nxe5 11. fxe5 Ng4 12. Nd2 Ba6 13. cxd5 cxd5 14. Nf3 Nh6 15. Bh3 f5 16. Kh1 Kh8 17. Rg1 {½-½ (27) Andreikin,D (2736)-Carlsen,M (2840) Wijk aan Zee 2017}) 9. Bxd6 Qxd6 10. Nbd2 {LiveBook: 8 Games} b6 {White has an edge.} 11. e4 dxe4 12. Nxe4 Nxe4 13. Qxe4 Ba6 14. Ne5 $146 ({Predecessor:} 14. b3 Nf6 15. Qe3 Nd7 16. Rad1 {½-½ (37) Werthebach,F (2167)-Nuber,B (2177) Chemnitz 2009}) 14... Nxe5 15. dxe5 Qc5 16. b3 {[%cal Bb2b3,Bb3b4,Bb4b5][%mdl 32]} Bb7 17. Rfd1 Rfd8 18. Qh4 Qf8 19. Be4 {[%csl Ge4][%cal Rh4h7] [#]} h6 20. b4 g5 21. Qh5 Qg7 {[#]} 22. Qe2 $1 Kh8 23. Bg2 Rac8 (23... Qf8 {might work better.} 24. b5 Rac8) 24. b5 Qf8 25. Qh5 (25. Qf3 $18) 25... Kg7 (25... Ba8 $16 {keeps fighting.}) 26. h4 Qe7 27. hxg5 hxg5 $2 (27... Qxg5 $16 28. Qxg5+ hxg5) 28. Be4 $18 {White threatens Qh7+ and mate.} Rh8 29. Qf3 {[%cal Rb5c6]} Rc7 30. bxc6 Ba8 $2 (30... Ba6 {was worth a try.} 31. Rac1 f6) 31. Rd6 {White is clearly winning.} f5 32. exf6+ Qxf6 33. Re1 Rf8 34. Qxf6+ Rxf6 35. Red1 {Precision: White = 86%, Black = 35%.} 1-0

[Event "Baltic Zonal II Stage 2018"]
[Site "Palanga"]
[Date "2018.06.15"]
[Round "2"]
[White "Bernotas, Arturs"]
[Black "Pedoson, Georg Aleksander"]
[Result "1/2-1/2"]
[WhiteElo "2407"]
[BlackElo "2125"]
[Annotator "TA"]
[PlyCount "98"]
[EventDate "2018.??.??"]
[EventType "swiss"]
[EventCountry "LTU"]
[SourceTitle "playchess.com"]
[Source "ChessBase"]
[SourceQuality "1"]

{[%evp 20,98,49,30,32,32,43,30,54,54,52,35,36,13,26,14,25,14,43,43,87,89,116,97,97,37,42,20,30,6,11,10,21,0,0,-19,-19,-19,-19,-40,-41,-68,-62,-72,-75,-51,-52,-37,-8,-6,-6,-6,-8,-39,-14,-19,-9,-6,-20,-25,-16,-19,-5,-7,0,0,0,0,29,0,0,0,0,0,0,-27,0,0,0,0,0]} 1. e4 e5 2. Nf3 Nf6 3. Nxe5 d6 4. Nf3 Nxe4 5. d4 d5 6. Bd3 Be7 7. O-O Nc6 8. Re1 Nf6 9. c3 {C42: Russische Verteidigung (Petrow)} O-O 10. h3 Bd6 11. Nbd2 {LiveBook: 3 Partien. Weiß steht etwas besser.} (11. Bg5 {feels hotter.} h6 12. Bh4 Bf4 13. Na3 g5 14. Bg3) 11... Re8 12. Nf1 Rxe1 13. Qxe1 {[#]} Be6 $146 ({Vorgänger:} 13... Qe8 14. Bd2 Bd7 15. Qb1 h6 {½-½ (64) Saric,I (2641)-Savic,M (2503) Novi Sad 2016}) 14. Ng3 Qe7 15. Bd2 {[%cal Bc1d2,Bd2f4,Bf4h2][%mdl 32]} Re8 16. Qf1 Bxg3 17. fxg3 Ne4 18. Bf4 h6 19. g4 g5 {[#]} 20. Bh2 $1 f6 21. Re1 Bf7 {[#]} 22. Qe2 ({Besser ist} 22. Nd2 $1 $16 {[%mdl 512]}) 22... Qd7 $14 23. Qc2 {[%cal Rd3e4]} Bg6 24. Re3 Kg7 25. Qe2 a6 26. a3 b5 27. Qc2 Na5 28. Re1 Nc4 29. b3 Nxa3 30. Qb2 {[#]} b4 $1 {[%mdl 512]} 31. cxb4 Nb5 32. Rc1 Re7 33. Qa1 Nd2 34. Bxg6 Nxf3+ 35. gxf3 Kxg6 36. Kf2 Qe6 {Droht ...De2+ und aus.} 37. Qb1+ $1 Kg7 38. Qd3 Qb6 39. Rd1 Qc6 40. Bg3 Qe8 41. Rc1 c6 42. h4 gxh4 43. Bxh4 Qb8 44. Kg2 (44. Bg3 $5 {[%cal Rg3b8]} Qa7 45. Rd1 $14 (45. Rxc6 Qxd4+ 46. Qxd4 Nxd4 $11)) 44... Re6 45. Bf2 Qe8 46. Rh1 Re2 47. Qf5 Qe3 48. Qd7+ Kg6 (48... Kf8 $5 49. Qd8+ $8 Kg7 50. Qd7+ Kg6 51. Qf5+ Kg7 52. Qd7+ $11) 49. Qf5+ Kg7 {Precision: Weiß = 45%, Schwarz = 61%.} 1/2-1/2

[Event "Baltic Zonal II Stage 2018"]
[Site "Palanga"]
[Date "2018.06.15"]
[Round "2"]
[White "Pultinevicius, Paulius"]
[Black "Vedrickas, Tautvydas"]
[Result "1-0"]
[WhiteElo "2395"]
[BlackElo "2408"]
[Annotator "TA"]
[PlyCount "85"]
[EventDate "2018.??.??"]
[EventType "swiss"]
[EventCountry "LTU"]
[SourceTitle "playchess.com"]
[Source "ChessBase"]
[SourceQuality "1"]

{[%evp 15,85,32,32,30,93,92,90,91,90,92,106,102,98,97,113,85,86,79,90,62,81,50,65,75,75,66,63,68,76,75,71,37,66,31,26,22,39,40,61,0,26,25,22,-238,283,274,281,277,265,260,281,251,241,166,162,160,188,154,169,164,197,162,250,233,243,217,249,243,1218,1218,1142,1140]} 1. Nf3 g6 2. d4 Bg7 3. c4 d6 4. Nc3 e5 5. e4 Nc6 6. Bg5 f6 7. Be3 exd4 {A42: Moderne Verteidigung (mit c2-c4/ohne Sf6)} (7... Nh6 8. dxe5 dxe5 9. Qxd8+ Kxd8 10. h3 Be6 11. O-O-O+ Kc8 12. c5 Nf7 13. Nd2 Nd4 14. Bc4 Rd8 15. Bxe6+ Nxe6 16. Nc4 {1-0 (52) Can,E (2578)-Jones,G (2671) Reykjavik 2017}) 8. Nxd4 Nge7 {LiveBook: 10 Partien} 9. c5 Nxd4 (9... dxc5 $11 10. Nxc6 Nxc6) 10. Qxd4 $16 Be6 $146 ({Vorgänger:} 10... dxc5 11. Qxc5 c6 12. Bc4 Bd7 13. O-O-O b6 14. Qb4 Qc7 15. a4 {1-0 (26) Lazarev,V (2501)-Foisor,C (2371) Castellaneta 1999}) 11. Rd1 {[%cal Rc5d6]} Nc6 12. Qa4 O-O 13. Bc4 Bxc4 14. Qxc4+ Kh8 15. O-O f5 {Schwarz will ...f4 spielen.} 16. cxd6 cxd6 17. Bf4 Ne5 18. Qe2 g5 19. Bxe5 Bxe5 20. exf5 Rxf5 21. Nd5 Qf8 22. Rd3 Re8 {Und ...Lxh2+! würde nun gewinnen.} 23. Re3 Rc8 24. Nc3 Bd4 25. Re4 Bc5 26. Qd2 Qf7 27. Rg4 ({Lieber} 27. Na4 $14) 27... Re8 {( -> ...Txf2!)} 28. Ne4 h5 29. Nxg5 $2 {[%mdl 8192] [#]} (29. Qc3+ $1 $11 {und Weiss ist OK.} Qg7 30. Rxg5 Rxg5 31. Nxg5) 29... Qe7 $4 {[%mdl 8192] [#]} (29... Qg6 $1 $19 {und Schwarz kann entspannen.} 30. Re4 Rg8) 30. Re4 $1 $18 {[%cal Re4e7]} Qd7 31. Qc3+ Kg8 32. Qc4+ Kh8 33. Rxe8+ Qxe8 34. Ne4 Qe5 {...Tf4 ist eine echte Drohung.} 35. Nxc5 Qxc5 {[%mdl 4096] Endspiel KDT-KDT} 36. Qa4 Kg7 37. h3 d5 38. Qb3 b6 (38... Qc7 {ist wohl besser.} 39. Rd1 b6) 39. Qg3+ Kf7 40. Re1 d4 41. Qb8 d3 $2 (41... Kg7 42. b4 Qc6) 42. Qe8+ Kg7 43. Re7+ {Precision: Weiß = 59%, Schwarz = 42%.} 1-0

[Event "Baltic Zonal II Stage 2018"]
[Site "Palanga"]
[Date "2018.06.15"]
[Round "2"]
[White "Chukavin, Kirill"]
[Black "Rozentalis, Eduardas"]
[Result "0-1"]
[WhiteElo "2256"]
[BlackElo "2519"]
[Annotator "TA"]
[PlyCount "126"]
[EventDate "2018.??.??"]
[EventType "swiss"]
[EventCountry "LTU"]
[SourceTitle "playchess.com"]
[Source "ChessBase"]
[SourceQuality "1"]

{[%evp 15,126,79,70,70,71,47,80,68,101,69,70,51,58,31,41,0,16,-17,-19,-14,34,0,4,8,11,-120,-72,-76,-9,-89,-83,-85,-95,-118,-114,-105,-103,-224,-231,-242,-83,-94,-98,-119,-122,-105,-110,-127,-50,-61,-43,-75,-73,-75,0,-84,-84,-84,-84,-84,-83,-83,-77,-75,-66,-83,-83,-76,-66,-76,-65,-64,-63,-66,-68,-137,-135,-145,-152,-184,-184,-184,-125,-184,-183,-2903,-2345,-29974,-29975,-29975,-29976,-29976,-29977,-29977,-29978,-29978,-29979,-29979,-29980,-29980,-29981,-29981,-29982,-29982,-29983,-29983,-29984,-29984,-29985,-29985,-29986,-29986,-29987]} 1. e4 Nf6 2. e5 Nd5 3. d4 d6 4. Nf3 g6 5. Bc4 {[%cal Bf1c4,Bc4b3,Bb3c2,Bc2d3][%mdl 32]} Nb6 6. Bb3 d5 7. a4 {B04: Aljechin-Verteidigung (Moderne Variante)} a5 8. c3 Bg7 {LiveBook: 3 Partien} 9. O-O {Weiß steht etwas besser.} O-O 10. Bc2 $146 ({Vorgänger:} 10. Re1 Na6 11. Na3 Bd7 12. Ng5 h6 13. Nf3 Rc8 14. Nc2 c5 {½-½ (30) Alvir,A (2357)-Rozentalis,E (2528) Molnlycke 2015}) 10... Na6 11. Na3 c6 12. h3 Nc7 13. Bd3 f6 14. exf6 exf6 15. Nh2 Bd7 16. Ng4 f5 17. Nh2 $1 f4 18. Re1 Ne6 19. Nf3 Ng5 20. Ne5 (20. Nb1 $11) 20... Bxe5 21. Rxe5 {[#]} Qf6 (21... Bxh3 $1 $17 {[%mdl 512]} 22. Bd2 (22. gxh3 Nxh3+) 22... Nd7) 22. f3 (22. Bf1 $1 $11 {bleibt in der Remisbreite.}) 22... Rae8 $17 23. Rxe8 Rxe8 24. Qf1 {[#]} Bxh3 $1 {[%mdl 512] ...Te1! ist eine echte Drohung.} 25. Bd2 (25. gxh3 Re1) 25... Bf5 ({Natürlich nicht} 25... Nxa4 $6 26. gxh3 Nxb2 27. Bc2 $11) 26. Bxf4 (26. Bxf5 $17 {war nötig.} Qxf5 27. b3) 26... Bxd3 ({Weniger gut wäre} 26... Nxa4 27. Be5 $15) 27. Bxg5 Qf5 $2 ({Schwächer ist} 27... Bxf1 28. Bxf6 Bd3 29. b3 $15) (27... Qxg5 $19 28. Qxd3 Nxa4) 28. Qc1 Nxa4 29. Nc4 dxc4 30. Rxa4 b6 31. Be3 Kf7 (31... Be2 $1 $17 {[%cal Re2f3]} 32. Kf2 Bd3) 32. Ra1 Bc2 33. Qd2 Qd3 34. Re1 b5 ({Günstiger ist} 34... Qxd2 $17 35. Bxd2 Rxe1+ 36. Bxe1 Ke6) 35. Bg5 (35. Qf2 $11) 35... Qxd2 36. Bxd2 Rxe1+ 37. Bxe1 {[%mdl 4096] Endspiel KL-KL} Ke6 38. Kf2 Kd5 39. Bd2 h5 40. Ke3 Bd3 41. Kf2 Bf5 42. Ke3 c5 43. dxc5 Kxc5 44. Be1 b4 45. cxb4+ ({Besser ist} 45. Kd2 $15) 45... axb4 {Droht stark ...c3!} 46. Kd2 {[#]} Kb5 $1 47. Bh4 {[#]} Ka4 $1 48. Kc1 Kb3 49. f4 (49. Bf6 $17) 49... c3 50. bxc3 $2 (50. Bf6) 50... bxc3 $19 {[%cal Bb4c3,Bc3c2][%mdl 32]} 51. g3 Kc4 {Schwarz setzt Matt.} 52. Bg5 Kd3 53. Bf6 c2 54. Bg5 Ke2 55. Bf6 Kf2 56. Bh4 Kf3 57. Kd2 {[#]} g5 $1 {[%mdl 512]} 58. fxg5 Bg6 59. Kc1 Ke2 60. g4 hxg4 {[%cal Bh5g4,Bg4g3][%mdl 32]} 61. Bg3 Kf3 62. Bd6 g3 63. Kd2 Kf2 {Precision: Weiß = 32%, Schwarz = 68%.} 0-1

[Event "Baltic Zonal II Stage 2018"]
[Site "Palanga"]
[Date "2018.06.15"]
[Round "2"]
[White "Garanin, Aleksei"]
[Black "Miezis, Normunds"]
[Result "0-1"]
[WhiteElo "2171"]
[BlackElo "2468"]
[Annotator "TA"]
[PlyCount "76"]
[EventDate "2018.??.??"]
[EventType "swiss"]
[EventCountry "LTU"]
[SourceTitle "playchess.com"]
[Source "ChessBase"]
[SourceQuality "1"]

{[%evp 15,76,37,48,46,54,10,16,20,10,25,25,4,0,-10,-14,-60,-60,-62,-50,-91,-68,-128,-104,-153,-139,-127,-126,-255,-160,-164,-172,-156,-159,-155,-153,-122,-120,-179,-157,-217,-222,-285,-268,-374,-353,-332,-263,-436,-413,-514,-506,-484,-477,-945,-914,-1005,-977,-1843,-1820,-29996,-29997,-29997,-29998]} 1. d4 Nf6 2. c4 e6 3. g3 Bb4+ 4. Bd2 a5 5. Bg2 d5 6. Nf3 O-O 7. Qc2 Nc6 8. O-O Ne4 {LiveBook: 13 Games. E11: Bogo-Indian} 9. Rd1 a4 (9... Bd7 10. Nc3 Nxd2 11. Rxd2 Be8 12. Rc1 a4 13. Qd1 dxc4 14. a3 Bxc3 15. Rxc3 {0-1 (25) Garanin,A (2220)-Miezis,N (2452) Liepaja 2017}) 10. Nc3 $146 ({Predecessor:} 10. Bf4 g5 11. Be3 f5 12. c5 Bd7 13. Nc3 Bxc3 14. bxc3 {Karpov,A (2735)-Staszym,M Cannes 1998}) 10... Nxd2 {The position is equal.} 11. Qxd2 Na5 12. cxd5 exd5 13. Qc2 a3 14. b3 Nc6 15. Ne5 Nxe5 16. dxe5 c6 17. Rd4 Qe7 18. Rh4 ({Better is} 18. Rad1 $15) 18... g6 19. Rc1 Re8 20. Na4 Ba5 21. f4 (21. Qd1 $17) 21... Qb4 22. f5 Qd2 ({Much less strong is} 22... Bxf5 23. Rxb4 Bxc2 24. Rxb7 $17) 23. e6 fxe6 24. fxg6 Qxc2 25. Rxc2 hxg6 26. e4 (26. Bh3 $17) 26... Kg7 $19 27. e5 (27. Nc5 $17 {was worth a try.}) 27... Bc7 28. Re2 b6 {[%cal Bb7b6,Bb6b5][%mdl 32]} 29. Rb4 Ba6 30. Rc2 b5 (30... Bxe5 $2 31. Nxb6 Rab8 32. Rxc6 $19) 31. Rxc6 $2 (31. Nc5 {is the only way for White.}) 31... Ba5 32. Nc5 {[#] Black must now prevent Rg4.} Bb7 (32... Bxb4 $2 33. Nxa6 Rxa6 34. Rxa6 $19) 33. Nxb7 Bxb4 34. Bh3 (34. Nd6 $142 Bxd6 35. exd6) 34... Rac8 35. Ra6 Rc1+ 36. Kf2 Rf8+ 37. Ke3 Re1+ 38. Kd4 Rf3 {Precision: White = 17%, Black = 95%.} 0-1